ბათუმის შოთა რუსთაველის სახელმწიფო უნივერსიტეტის ბიბლიოთეკა

Гранулированный суперфосфат:Сборник работ (ბიბ.ჩანაწერი № 46074)

000 -LEADER
fixed length control field 00558nam a2200193Ia 4500
001 - CONTROL NUMBER
control field 12904
003 - CONTROL NUMBER IDENTIFIER
control field GE_BSU
008 - FIXED-LENGTH DATA ELEMENTS--GENERAL INFORMATION
fixed length control field 181216s||||||||xx |||||||||||||| ||und||
040 ## - CATALOGING SOURCE
Transcribing agency GE_BSU
245 ## - TITLE STATEMENT
Title Гранулированный суперфосфат:Сборник работ
245 ## - TITLE STATEMENT
Remainder of title Вып.157
245 ## - TITLE STATEMENT
Statement of responsibility, etc. Ред.Ф.А.Рабинович
260 ## - PUBLICATION, DISTRIBUTION, ETC.
Place of publication, distribution, etc. Москва
260 ## - PUBLICATION, DISTRIBUTION, ETC.
Name of publisher, distributor, etc. Госхимиздат
260 ## - PUBLICATION, DISTRIBUTION, ETC.
Date of publication, distribution, etc. 1955
300 ## - PHYSICAL DESCRIPTION
Extent 184стр.илл.20см.
653 ## - INDEX TERM--UNCONTROLLED
Uncontrolled term Гранулированный суперфосфат
942 ## - ADDED ENTRY ELEMENTS (KOHA)
Koha item type წიგნი
ეგზემპლარები
Withdrawn status Lost status Damaged status Not for loan Date acquired Barcode Date last seen Price effective from Koha item type
        2018-12-17 20890 2018-12-17 2018-12-17 წიგნი
        2018-12-17 20891 2018-12-17 2018-12-17 წიგნი
        2018-12-17 20892 2018-12-17 2018-12-17 წიგნი